|
|
|
|
| LEADER |
00000cam a2200000 a 4500 |
| 001 |
vtls009486540 |
| 003 |
SK-MaSNL |
| 005 |
20260302010048.0 |
| 008 |
240318s2008 pl oa g h 001 0bpol |
| 020 |
|
|
|a 9788370635688
|q (brož.)
|
| 040 |
|
|
|a SNK
|b slo
|c SNK
|e AACR2
|
| 041 |
0 |
|
|a pol
|
| 043 |
|
|
|a e-pl---
|
| 044 |
|
|
|a pl
|c PL
|
| 072 |
|
7 |
|a 94(430/439)
|x Dejiny krajín strednej Európy
|2 konspekt
|
| 072 |
|
7 |
|a 929
|x Biografie
|2 konspekt
|
| 080 |
|
|
|a 929
|2 2001
|
| 080 |
|
|
|a 94(438)"1918"
|2 2001
|
| 080 |
|
|
|a (438)
|2 2001
|
| 080 |
|
|
|a (092)
|2 2001
|
| 100 |
1 |
|
|a Pawłowska-Gauza, Katarzyna
|4 aut
|9 648363
|
| 245 |
1 |
0 |
|a Franciszek Ratajczak (1887-1918)
|b biografia powstańca
|c Katarzyna Pawłowska-Gauza
|
| 260 |
|
|
|a Poznań
|b Wydawnictwo Poznańskiego Towarzystwa Przyjaciół Nauk
|c 2008
|
| 300 |
|
|
|a 95 s.
|b fotogr., ilustr. (niektoré fareb.)
|c 21 cm
|
| 500 |
|
|
|a Na tit. s. pod názvom: "Wydawnictwo okolicznościowe z okazji 90. rocznicy Powstania Wielkopolskiego"
|
| 504 |
|
|
|a Obsahuje bibliogr. a reg.
|
| 600 |
1 |
7 |
|a Ratajczak, Franciszek,
|d 1887-1918
|2 SNKMA
|9 648364
|
| 648 |
|
7 |
|a 20. stor.
|2 SNKPH
|9 275975
|
| 650 |
0 |
7 |
|a osobnosti
|z Poľsko
|2 SNKPH
|9 304266
|
| 650 |
0 |
7 |
|a poľské povstanie, 1918
|2 SNKPH
|9 120802
|
| 655 |
|
7 |
|a biografie
|2 SNKPH
|9 27965
|
| 919 |
|
|
|a 978-83-706356-8-8
|
| 999 |
|
|
|c 1001793
|d 1003723
|
| 952 |
|
|
|a SNK
|b SNK
|y VYP
|7 0
|p 17A0624910
|o snkIC 137854
|i snk2009/12346
|8 2
|g 2.48
|0 0
|1 0
|4 0
|d 2009-04-15
|l 0
|r 2026-02-24 12:23:27
|w 2026-02-24
|